[Event "World Youth U-16 Olympiad 2018"]
[Site "Konya"]
[Date "2018.11.27"]
[Round "4"]
[White "Prasitsoonthorn, Teerachoti"]
[Black "Briem, Stephan"]
[Result "1-0"]
[WhiteElo "1849"]
[BlackElo "2062"]
[Annotator "NA"]
[PlyCount "88"]
[EventDate "2018.11.25"]
[EventType "team-tourn"]
[EventCountry "TUR"]
[SourceTitle "playchess.com"]
[Source "ChessBase"]
[SourceQuality "1"]
[WhiteTeam "Thailand"]
[BlackTeam "Iceland"]
[WhiteTeamCountry "THA"]
[BlackTeamCountry "ISL"]

1. d4 f5 2. Bg5 h6 3. Bh4 g5 4. Bg3 Nf6 5. e3 Bg7 6. h4 g4 7. Bd3 d6 8. c4 Nh5 9. Ne2 e5 10. Nbc3 Nc6 11. d5 Ne7 12. f3 O-O 13. Qd2 c6 14. O-O-O cxd5 15. fxg4 fxg4 16. Rhf1 Be6 17. Rxf8+ Qxf8 18. cxd5 Bf7 19. Rf1 Qd8 20. Qc2 Nf6 21. e4 Bg6 22. Bf2 a6 23. Ng3 Rc8 24. Kb1 b5 25. Qd2 Kh7 26. Be3 Qd7 27. h5 Nxh5 28. Nxh5 Bxh5 29. Rh1 Qe8 30. Ne2 Ng8 31. Ng3 Nf6 32. Nf5 Qg6 33. Ne7 Qe8 34. Nxc8 Qxc8 35. Rc1 Qe8 36. Rc6 Bg6 37. Qc2 Nh5 38. Rxd6 Nf4 39. Bxf4 exf4 40. Re6 Qf7 41. e5 Kg8 42. d6 f3 43. gxf3 Qxe6 44. d7 Bf6 1-0

[Event "World Youth U-16 Olympiad 2018"]
[Site "Konya"]
[Date "2018.11.27"]
[Round "4"]
[White "Cheikh-Boukal, Ziyad"]
[Black "Kong, Ren En"]
[Result "0-1"]
[WhiteElo "1830"]
[BlackElo "2059"]
[Annotator "NA"]
[PlyCount "154"]
[EventDate "2018.11.25"]
[EventType "team-tourn"]
[EventCountry "TUR"]
[SourceTitle "playchess.com"]
[Source "ChessBase"]
[SourceQuality "1"]
[WhiteTeam "Algeria"]
[BlackTeam "Malaysia"]
[WhiteTeamCountry "ALG"]
[BlackTeamCountry "MAS"]

1. d4 Nf6 2. Bf4 d5 3. e3 e6 4. Nf3 Bd6 5. Nbd2 O-O 6. Bd3 b6 7. O-O Bb7 8. Ne5 Ne4 9. c3 c5 10. Qc2 Nxd2 11. Qxd2 Qe7 12. Qc2 f5 13. Qe2 Nd7 14. Nxd7 Qxd7 15. Rac1 Rae8 16. Bxd6 Qxd6 17. f4 a5 18. Qh5 Bc6 19. Rf3 Rf6 20. Rg3 Re7 21. Qe2 c4 22. Bc2 b5 23. a3 Ra7 24. Ra1 Rf8 25. Rf3 Rfa8 26. Rff1 b4 27. Rfb1 Qe7 28. Qd2 Rb8 29. axb4 axb4 30. Rxa7 Qxa7 31. cxb4 Qa2 32. b3 cxb3 33. Rxb3 Ba4 34. Rc3 Bxc2 35. Qxc2 Qxc2 36. Rxc2 Rxb4 37. Rc7 Rb6 38. Kf2 h6 39. Kf3 Kh7 40. h3 Kg6 41. g3 Kf6 42. Rc2 Rb1 43. Ra2 g5 44. Rc2 Re1 45. Kf2 Rh1 46. Kg2 Ra1 47. Kf3 Ra3 48. Rb2 g4+ 49. hxg4 fxg4+ 50. Kxg4 Rxe3 51. Rh2 Kg6 52. Rd2 h5+ 53. Kh4 Kf5 54. Rd1 Re2 55. Kh3 Re4 56. Rd3 Re1 57. Kg2 Ke4 58. Rd2 Ke3 59. Rf2 Kxd4 60. f5 exf5 61. Rxf5 Re5 62. Rf3 Kc4 63. Kf2 d4 64. Ra3 d3 65. Ra8 Kc3 66. Rc8+ Kb3 67. Kf3 d2 68. Rd8 Kc3 69. Rc8+ Kd3 70. Rd8+ Kc2 71. Rc8+ Kd1 72. Kf4 Rb5 73. Rd8 Rc5 74. Ke3 Rc3+ 75. Kf2 Rc7 76. Rd5 Kc1 77. Ke2 Re7+ 0-1

[Event "World Youth U-16 Olympiad 2018"]
[Site "Konya"]
[Date "2018.11.27"]
[Round "4"]
[White "Aydin, Gulenay"]
[Black "Juhasz, Agoston"]
[Result "0-1"]
[WhiteElo "1791"]
[BlackElo "2139"]
[Annotator "NA"]
[PlyCount "84"]
[EventDate "2018.11.25"]
[EventType "team-tourn"]
[EventCountry "TUR"]
[SourceTitle "playchess.com"]
[Source "ChessBase"]
[SourceQuality "1"]
[WhiteTeam "Turkey"]
[BlackTeam "Hungary"]
[WhiteTeamCountry "TUR"]
[BlackTeamCountry "HUN"]

1. e4 c6 2. d4 d5 3. exd5 cxd5 4. c4 Nf6 5. Nc3 e6 6. Nf3 Be7 7. cxd5 Nxd5 8. Bd3 b6 9. O-O Bb7 10. a3 O-O 11. Be3 Nc6 12. Qe2 Rc8 13. Rad1 Nxc3 14. bxc3 Na5 15. Bd2 Nb3 16. Rb1 Nxd2 17. Qxd2 Bxf3 18. gxf3 Bxa3 19. Kh1 Bd6 20. Rg1 f5 21. Qh6 Qe7 22. Rxg7+ Qxg7 23. Rg1 Qxg1+ 24. Kxg1 Rfe8 25. Bxf5 exf5 26. Qxd6 Rxc3 27. Qd5+ Kh8 28. Qxf5 Rc6 29. h4 Rd6 30. Qf7 Ra8 31. d5 a5 32. h5 a4 33. Qe7 Rad8 34. Kf1 h6 35. f4 a3 36. Qe5+ Kg8 37. f5 a2 38. f6 Rxd5 39. Qe6+ Kh8 40. f7 a1=Q+ 41. Kg2 Qg7+ 42. Kf3 Rf8 0-1

[Event "World Youth U-16 Olympiad 2018"]
[Site "Konya"]
[Date "2018.11.27"]
[Round "4"]
[White "Lopez Sanchez, Anastacia Antonia"]
[Black "Dhevcharran, Kahill"]
[Result "1-0"]
[WhiteElo "1734"]
[BlackElo "1561"]
[Annotator "NA"]
[PlyCount "107"]
[EventDate "2018.11.25"]
[EventType "team-tourn"]
[EventCountry "TUR"]
[SourceTitle "playchess.com"]
[Source "ChessBase"]
[SourceQuality "1"]
[WhiteTeam "Mexico"]
[BlackTeam "South Africa"]
[WhiteTeamCountry "MEX"]
[BlackTeamCountry "RSA"]

1. f4 d5 2. Nf3 c5 3. e3 Nf6 4. b3 Nc6 5. Bb5 g6 6. Bxc6+ bxc6 7. Bb2 Bg7 8. O-O O-O 9. Re1 Ba6 10. Ne5 Qc8 11. Qc1 Rd8 12. d3 Qc7 13. Nd2 d4 14. g3 e6 15. e4 Nd7 16. Nxd7 Rxd7 17. Nf3 e5 18. fxe5 Bxe5 19. Nxe5 Qxe5 20. Qd2 Rb8 21. Ba3 Bc8 22. Rf1 Re7 23. Rae1 Bh3 24. Rf2 h5 25. Qh6 Rbb7 26. Bc1 Qg7 27. Qg5 Re5 28. Qh4 Bg4 29. Qd8+ Qf8 30. Qa5 Re8 31. Rf6 Be6 32. Ref1 Qe7 33. a4 Qd8 34. Qxc5 Qb6 35. Qg5 Qd8 36. Qh4 Qd7 37. Bh6 Qd8 38. Qf4 Qb8 39. Qg5 Ree7 40. R6f2 Bh3 41. Rc1 Qe5 42. Qh4 Be6 43. Bf4 Qg7 44. Bg5 Red7 45. Bf6 Qh6 46. Bg5 Qg7 47. Qf4 Kh7 48. Re1 Rbc7 49. Bf6 Qf8 50. Kg2 Qh6 51. Qe5 Rc8 52. h3 Rd5 53. exd5 Bxd5+ 54. Kh2 1-0

[Event "World Youth U-16 Olympiad 2018"]
[Site "Konya"]
[Date "2018.11.27"]
[Round "4"]
[White "Chrysogelou, Athanasia-Panagiota"]
[Black "Fecker, Noah"]
[Result "0-1"]
[WhiteElo "1729"]
[BlackElo "2184"]
[Annotator "NA"]
[PlyCount "92"]
[EventDate "2018.11.25"]
[EventType "team-tourn"]
[EventCountry "TUR"]
[SourceTitle "playchess.com"]
[Source "ChessBase"]
[SourceQuality "1"]
[WhiteTeam "Greece"]
[BlackTeam "Switzerland"]
[WhiteTeamCountry "GRE"]
[BlackTeamCountry "SUI"]

1. d4 Nf6 2. c4 g6 3. Nc3 d5 4. cxd5 Nxd5 5. e4 Nxc3 6. bxc3 Bg7 7. Be3 c5 8. Nf3 Qa5 9. Qd2 O-O 10. Rc1 Rd8 11. d5 e6 12. c4 Qxd2+ 13. Nxd2 b6 14. Be2 Na6 15. O-O Nb4 16. a3 Na2 17. Rc2 Nc3 18. Bd3 Ba6 19. Bg5 Rd7 20. Nb1 Na4 21. Be2 Re8 22. Be3 Bd4 23. Bf4 e5 24. Bg5 f5 25. g3 Kg7 26. exf5 gxf5 27. Bh5 Rg8 28. h3 h6 29. Bh4 b5 30. g4 f4 31. g5 hxg5 32. Bg4 Rd6 33. Bxg5 bxc4 34. Be6 Re8 35. Nd2 c3 36. Ne4 Rdxe6 37. dxe6 Bxf1 38. Bf6+ Kg6 39. Kxf1 Rxe6 40. Bd8 Ra6 41. h4 Kf5 42. f3 Nb6 43. Nxc3 Rxa3 44. Ne2 Rxf3+ 45. Kg2 Rf2+ 46. Kh3 Be3 0-1

[Event "World Youth U-16 Olympiad 2018"]
[Site "Konya"]
[Date "2018.11.27"]
[Round "4"]
[White "Asavasaetakul, Chawit"]
[Black "Haile, Batel Goitom"]
[Result "1-0"]
[WhiteElo "1656"]
[BlackElo "1622"]
[Annotator "NA"]
[PlyCount "121"]
[EventDate "2018.11.25"]
[EventType "team-tourn"]
[EventCountry "TUR"]
[SourceTitle "playchess.com"]
[Source "ChessBase"]
[SourceQuality "1"]
[WhiteTeam "Thailand"]
[BlackTeam "Iceland"]
[WhiteTeamCountry "THA"]
[BlackTeamCountry "ISL"]

1. e4 c5 2. c3 e6 3. d4 d5 4. exd5 exd5 5. Nf3 Nc6 6. Be2 Nf6 7. O-O Be7 8. dxc5 Bxc5 9. Bg5 Be6 10. Nbd2 O-O 11. Nb3 Bb6 12. Nbd4 h6 13. Bh4 Re8 14. Bb5 Bd7 15. Nxc6 bxc6 16. Ba4 Qe7 17. Nd4 Rac8 18. Bc2 c5 19. Nf5 Qe5 20. Bg3 Qe2 21. Nd6 Qxd1 22. Bxd1 Re6 23. Nxc8 Bb5 24. Nxb6 Bxf1 25. Kxf1 Ne4 26. Bf3 Nd2+ 27. Kg1 Nxf3+ 28. gxf3 Rxb6 29. b3 Rf6 30. Kg2 Rg6 31. Rd1 Rg5 32. h4 Rh5 33. a4 f6 34. Bd6 c4 35. bxc4 dxc4 36. Rd4 Kf7 37. Rxc4 Ke6 38. Bg3 Ra5 39. Rb4 Kd5 40. Rb5+ Rxb5 41. axb5 Kc5 42. Bb8 Kb6 43. c4 Kb7 44. Bd6 g6 45. Bf8 h5 46. Bg7 f5 47. Kg3 Kc7 48. Kf4 Kd6 49. Bd4 Ke6 50. Bxa7 Kf6 51. b6 g5+ 52. hxg5+ Kg6 53. b7 h4 54. b8=Q h3 55. Qd6+ Kg7 56. Qf6+ Kh7 57. g6+ Kh6 58. g7+ Kh7 59. Qf7 Kh6 60. Kxf5 h2 61. Qg6# 1-0

[Event "World Youth U-16 Olympiad 2018"]
[Site "Konya"]
[Date "2018.11.27"]
[Round "4"]
[White "Botez, Andrea"]
[Black "Amon, Nejc"]
[Result "0-1"]
[WhiteElo "1647"]
[BlackElo "2257"]
[Annotator "NA"]
[PlyCount "92"]
[EventDate "2018.11.25"]
[EventType "team-tourn"]
[EventCountry "TUR"]
[SourceTitle "playchess.com"]
[Source "ChessBase"]
[SourceQuality "1"]
[WhiteTeam "Canada"]
[BlackTeam "Slovenia"]
[WhiteTeamCountry "CAN"]
[BlackTeamCountry "SLO"]

1. d4 Nf6 2. Bf4 d5 3. e3 c5 4. c3 Nc6 5. Nf3 Qb6 6. Qb3 c4 7. Qc2 Bf5 8. Qc1 Nh5 9. Be2 Nxf4 10. exf4 e6 11. O-O Bd6 12. g3 O-O 13. Nbd2 Qc7 14. Nh4 Bh3 15. Re1 f6 16. Ndf3 Rae8 17. Qc2 Ne7 18. b3 b5 19. a4 a6 20. axb5 axb5 21. Ra6 Ra8 22. Rea1 Rxa6 23. Rxa6 Nf5 24. Ng2 e5 25. fxe5 fxe5 26. dxe5 Bxe5 27. Nxe5 Bxg2 28. Kxg2 Qxe5 29. bxc4 dxc4 30. Bf3 h6 31. Qd2 Kh8 32. Rb6 Ne7 33. Rd6 Qf5 34. Qe3 Qf7 35. Rd7 Nf5 36. Qd2 Nh4+ 37. gxh4 Qxf3+ 38. Kg1 Qg4+ 39. Kh1 Qxh4 40. Kg1 Ra8 41. Rd4 Qf6 42. Kg2 Qg6+ 43. Kh3 Qf5+ 44. Kg2 Kh7 45. h3 Rf8 46. Qe3 Rf6 0-1

[Event "World Youth U-16 Olympiad 2018"]
[Site "Konya"]
[Date "2018.11.27"]
[Round "4"]
[White "Modi, Sonia"]
[Black "Mejia Granados, Paulina Isabel"]
[Result "0-1"]
[WhiteElo "1588"]
[BlackElo "1839"]
[Annotator "NA"]
[PlyCount "56"]
[EventDate "2018.11.25"]
[EventType "team-tourn"]
[EventCountry "TUR"]
[SourceTitle "playchess.com"]
[Source "ChessBase"]
[SourceQuality "1"]
[WhiteTeam "South Africa"]
[BlackTeam "Mexico"]
[WhiteTeamCountry "RSA"]
[BlackTeamCountry "MEX"]

1. c4 Nf6 2. g3 e5 3. Bg2 c6 4. Nc3 d5 5. d4 e4 6. Bg5 Bb4 7. Qb3 Qa5 8. Nh3 dxc4 9. Qxc4 Be6 10. d5 cxd5 11. Qd4 Nc6 12. Qd1 d4 13. Bxf6 gxf6 14. a3 Bxc3+ 15. bxc3 Qxc3+ 16. Kf1 Bb3 17. Qc1 Qxc1+ 18. Rxc1 f5 19. Rc5 Be6 20. Nf4 Ne7 21. Bh3 Kd7 22. Kg2 Rhc8 23. Rb5 b6 24. Rd1 Rc4 25. Rb4 Rxb4 26. axb4 Ke8 27. f3 Bb3 28. Rb1 Bc2 0-1

[Event "World Youth U-16 Olympiad 2018"]
[Site "Konya"]
[Date "2018.11.27"]
[Round "4"]
[White "Kerimkulov, Omurbek"]
[Black "Celik, Eylul"]
[Result "0-1"]
[WhiteElo "1557"]
[BlackElo "1950"]
[Annotator "NA"]
[PlyCount "73"]
[EventDate "2018.11.25"]
[EventType "team-tourn"]
[EventCountry "TUR"]
[SourceTitle "playchess.com"]
[Source "ChessBase"]
[SourceQuality "1"]
[WhiteTeam "Kyrgyzstan"]
[BlackTeam "Turkey"]
[WhiteTeamCountry "KGZ"]
[BlackTeamCountry "TUR"]

1. e4 c5 2. Nf3 e6 3. b3 d6 4. Bb2 Nd7 5. d4 cxd4 6. Nxd4 Ngf6 7. Bd3 Be7 8. O-O O-O 9. Re1 Qc7 10. c4 b6 11. Nc3 a6 12. Bf1 Bb7 13. g3 Nc5 14. Bg2 Rad8 15. Rc1 Qb8 16. a4 Qa8 17. Qc2 Rc8 18. a5 bxa5 19. Ra1 Bd8 20. Ba3 Nfd7 21. Qd1 Bf6 22. Rb1 Ne5 23. Re3 Ng4 24. Re2 Qa7 25. Rd2 Ne5 26. Nde2 Be7 27. Nf4 Rfd8 28. Bb2 Qa8 29. Qe2 Nxb3 30. Rdd1 Rxc4 31. Na2 Rdc8 32. Bxe5 dxe5 33. Rxb3 exf4 34. Rd7 Bxe4 35. Rbb7 Bxg2 36. Rxe7 Bxb7 37. Qd1 0-1

[Event "World Youth U-16 Olympiad 2018"]
[Site "Konya"]
[Date "2018.11.27"]
[Round "4"]
[White "Iskakbaev, Ibraim"]
[Black "Engel, Luis"]
[Result "0-1"]
[WhiteElo "1522"]
[BlackElo "2459"]
[Annotator "TA"]
[PlyCount "70"]
[EventDate "2018.11.25"]
[EventType "team-tourn"]
[EventCountry "TUR"]
[SourceTitle "playchess.com"]
[Source "ChessBase"]
[SourceQuality "1"]
[WhiteTeam "Kazakhstan"]
[BlackTeam "Germany"]
[WhiteTeamCountry "KAZ"]
[BlackTeamCountry "GER"]

1. d4 Nf6 2. c4 e6 3. Nf3 d5 4. e3 b6 5. Be2 Bb7 6. O-O Bd6 7. Nc3 O-O 8. Qc2 a6 9. Rd1 Nbd7 10. b3 Qe7 11. Bb2 Rfd8 12. a3 Rac8 13. Nd2 c5 14. Bf3 cxd4 15. exd4 Nf8 16. cxd5 Nxd5 17. Bxd5 Bxd5 18. Nxd5 Bxh2+ 19. Kh1 exd5 20. Qd3 Bd6 21. Nf3 Ne6 22. Re1 a5 23. g3 Qf6 24. Bc1 Qg6 25. Qf1 Qg4 26. Qg2 Rc3 27. Re3 Rdc8 28. Bb2 Rxe3 29. fxe3 Bxg3 30. Rf1 Qh5+ 31. Kg1 Qg6 32. Bc1 Rc2 33. Nd2 Qg5 34. e4 Nf4 35. Qf3 Rc3 0-1

[Event "World Youth U-16 Olympiad 2018"]
[Site "Konya"]
[Date "2018.11.27"]
[Round "4"]
[White "Moran, Hugh"]
[Black "Djerroud, Chahrazed"]
[Result "1-0"]
[WhiteElo "1498"]
[BlackElo "1389"]
[Annotator "NA"]
[PlyCount "39"]
[EventDate "2018.11.25"]
[EventType "team-tourn"]
[EventCountry "TUR"]
[SourceTitle "playchess.com"]
[Source "ChessBase"]
[SourceQuality "1"]
[WhiteTeam "Ireland"]
[BlackTeam "Algeria"]
[WhiteTeamCountry "IRL"]
[BlackTeamCountry "ALG"]

1. e4 e5 2. Nf3 Nc6 3. Bc4 Bc5 4. b4 Bxb4 5. c3 Ba5 6. d4 exd4 7. O-O Nf6 8. Ba3 d6 9. e5 d5 10. exf6 dxc4 11. fxg7 Rg8 12. Nxd4 Nxd4 13. cxd4 Be6 14. Qh5 Qxd4 15. Qxa5 Qxg7 16. g3 Qxa1 17. Qb5+ Kd8 18. Qxb7 Rc8 19. Rd1+ Bd7 20. Qc6 1-0

[Event "World Youth U-16 Olympiad 2018"]
[Site "Konya"]
[Date "2018.11.27"]
[Round "4"]
[White "Igisinova, Liya"]
[Black "Pajeken, Jakob Leon"]
[Result "0-1"]
[WhiteElo "1482"]
[BlackElo "2314"]
[Annotator "NA"]
[PlyCount "84"]
[EventDate "2018.11.25"]
[EventType "team-tourn"]
[EventCountry "TUR"]
[SourceTitle "playchess.com"]
[Source "ChessBase"]
[SourceQuality "1"]
[WhiteTeam "Kazakhstan"]
[BlackTeam "Germany"]
[WhiteTeamCountry "KAZ"]
[BlackTeamCountry "GER"]

1. d4 d5 2. Nf3 Nf6 3. g3 e6 4. Bg2 b5 5. O-O Be7 6. b3 Bb7 7. Nbd2 b4 8. Bb2 O-O 9. c4 bxc3 10. Bxc3 c5 11. Rc1 cxd4 12. Nxd4 e5 13. Nf5 Ba3 14. Rc2 Nc6 15. Nb1 Be7 16. Nxe7+ Qxe7 17. Qc1 Rac8 18. Rd1 d4 19. Bb2 Qe6 20. Qd2 Rfd8 21. Na3 Nd5 22. Rcc1 Ba6 23. Nc4 h6 24. a3 Nb6 25. Nxb6 axb6 26. a4 Na5 27. Qb4 Bxe2 28. Re1 d3 29. Bc3 Qxb3 30. Qe7 Qe6 31. Qb4 Rc4 32. Qb2 Rdc8 33. Bf1 Bxf1 34. Rxf1 Qc6 35. Bd2 Rc2 36. Qb4 Nc4 37. Rxc2 dxc2 38. Bc1 Rd8 39. Qb3 Nd2 40. Bxd2 Rxd2 41. Rc1 Qf6 42. f4 exf4 0-1

[Event "World Youth U-16 Olympiad 2018"]
[Site "Konya"]
[Date "2018.11.27"]
[Round "4"]
[White "Boubendir, Nesrine"]
[Black "Moran, Darragh"]
[Result "0-1"]
[WhiteElo "1467"]
[BlackElo "1800"]
[Annotator "NA"]
[PlyCount "109"]
[EventDate "2018.11.25"]
[EventType "team-tourn"]
[EventCountry "TUR"]
[SourceTitle "playchess.com"]
[Source "ChessBase"]
[SourceQuality "1"]
[WhiteTeam "Algeria"]
[BlackTeam "Ireland"]
[WhiteTeamCountry "ALG"]
[BlackTeamCountry "IRL"]

1. e4 e6 2. d4 d5 3. Nc3 Nf6 4. e5 Nfd7 5. Nf3 c5 6. Be3 Nc6 7. Bb5 Qc7 8. Bxc6 bxc6 9. dxc5 Ba6 10. b4 Nxe5 11. Bf4 Nxf3+ 12. Qxf3 e5 13. Bg3 Bc4 14. Kd2 Be7 15. Qh5 Bf6 16. Rhe1 O-O 17. Bxe5 Bxe5 18. Qxe5 Qxe5 19. Rxe5 Rfb8 20. a3 Kf8 21. Ne2 Bxe2 22. Rxe2 a5 23. c3 axb4 24. cxb4 Rxb4 25. axb4 Rxa1 26. Kc3 Ra7 27. Kd4 Rb7 28. Rb2 Ke7 29. b5 Rxb5 30. Rxb5 cxb5 31. Kxd5 Kd7 32. h3 h6 33. g3 g5 34. g4 Kc7 35. f3 f6 36. c6 b4 37. Kc4 Kxc6 38. Kxb4 Kd5 39. Kc3 Ke5 40. Kd3 Kf4 41. Ke2 Kg3 42. Ke3 Kxh3 43. Kf2 Kh2 44. Ke3 Kg3 45. Ke2 Kg2 46. Ke3 Kf1 47. f4 Kg2 48. fxg5 fxg5 49. Ke2 Kg3 50. Kf1 Kxg4 51. Kg1 Kg3 52. Kh1 Kh3 53. Kg1 g4 54. Kh1 g3 55. Kg1 0-1

[Event "World Youth U-16 Olympiad 2018"]
[Site "Konya"]
[Date "2018.11.27"]
[Round "4"]
[White "Mairambekova, Aiperi"]
[Black "Anacoglu, Cisel"]
[Result "0-1"]
[WhiteElo "1398"]
[BlackElo "1866"]
[Annotator "NA"]
[PlyCount "58"]
[EventDate "2018.11.25"]
[EventType "team-tourn"]
[EventCountry "TUR"]
[SourceTitle "playchess.com"]
[Source "ChessBase"]
[SourceQuality "1"]
[WhiteTeam "Kyrgyzstan"]
[BlackTeam "Turkey"]
[WhiteTeamCountry "KGZ"]
[BlackTeamCountry "TUR"]

1. e4 e5 2. Nf3 Nc6 3. Bb5 a6 4. Ba4 Nf6 5. O-O Be7 6. Re1 b5 7. Bb3 O-O 8. h3 Bb7 9. c3 d5 10. exd5 Nxd5 11. d4 exd4 12. Nxd4 Nxd4 13. Qxd4 Bf6 14. Qg4 Re8 15. Rd1 Qd6 16. Nd2 Qf4 17. Bxd5 Qxg4 18. Bxf7+ Kxf7 19. hxg4 Rad8 20. Rf1 Bd5 21. a4 Rd7 22. axb5 axb5 23. f4 Be7 24. Nf3 Bc5+ 25. Kh1 Bc4 26. Ng5+ Kg8 27. Rf3 h6 28. b4 Rd1+ 29. Kh2 Bg1+ 0-1

[Event "World Youth U-16 Olympiad 2018"]
[Site "Konya"]
[Date "2018.11.27"]
[Round "4"]
[White "Maameri, Insaf"]
[Black "Eng, Jia Qian"]
[Result "0-1"]
[WhiteElo "1366"]
[BlackElo "1942"]
[Annotator "NA"]
[PlyCount "116"]
[EventDate "2018.11.25"]
[EventType "team-tourn"]
[EventCountry "TUR"]
[SourceTitle "playchess.com"]
[Source "ChessBase"]
[SourceQuality "1"]
[WhiteTeam "Algeria"]
[BlackTeam "Malaysia"]
[WhiteTeamCountry "ALG"]
[BlackTeamCountry "MAS"]

1. e4 c6 2. d4 d5 3. exd5 cxd5 4. Nf3 Nf6 5. Bd3 Bg4 6. Nbd2 Nc6 7. c3 e6 8. O-O Bd6 9. h3 Bh5 10. Re1 O-O 11. Qc2 Rc8 12. Qb1 Qc7 13. b3 e5 14. dxe5 Nxe5 15. Bf5 Nxf3+ 16. Nxf3 Bxf3 17. Bxc8 Qxc8 18. Bg5 Be4 19. Qd1 Qf5 20. f3 Qxg5 21. fxe4 Nxe4 22. Rxe4 dxe4 23. Qxd6 Rd8 24. Qc7 Qd5 25. Re1 h6 26. Rxe4 Qxe4 27. Qxd8+ Kh7 28. Qd4 Qb1+ 29. Kh2 Qxa2 30. Qe4+ g6 31. Qxb7 Qf2 32. Qf3 Qxf3 33. gxf3 Kg7 34. Kg3 Kf6 35. Kf4 Ke6 36. Ke4 f5+ 37. Kd4 g5 38. b4 h5 39. c4 a6 40. Ke3 Kd6 41. f4 g4 42. hxg4 hxg4 43. Kd4 Kc6 44. Ke3 Kc7 45. Kd4 Kb6 46. Kd3 a5 47. c5+ Kc6 48. bxa5 Kxc5 49. Ke3 Kb5 50. a6 Kxa6 51. Ke2 Kb5 52. Kd3 Ka4 53. Ke3 Ka3 54. Kf2 Kb2 55. Ke3 Kc3 56. Ke2 Kd4 57. Kf2 Ke4 58. Kg3 Ke3 0-1

[Event "World Youth U-16 Olympiad 2018"]
[Site "Konya"]
[Date "2018.11.27"]
[Round "4"]
[White "Putter, Nicola"]
[Black "Maycock Bates, David Henry"]
[Result "1-0"]
[WhiteElo "1351"]
[BlackElo "1773"]
[Annotator "NA"]
[PlyCount "116"]
[EventDate "2018.11.25"]
[EventType "team-tourn"]
[EventCountry "TUR"]
[SourceTitle "playchess.com"]
[Source "ChessBase"]
[SourceQuality "1"]
[WhiteTeam "South Africa"]
[BlackTeam "Mexico"]
[WhiteTeamCountry "RSA"]
[BlackTeamCountry "MEX"]

1. e4 e5 2. Nf3 Nc6 3. Bc4 Bc5 4. c3 Nf6 5. d4 exd4 6. cxd4 Bb4+ 7. Bd2 Nxe4 8. Bxb4 Nxb4 9. Bxf7+ Kxf7 10. Qb3+ Kf8 11. Qxb4+ Qe7 12. Qxe7+ Kxe7 13. Nc3 Nf6 14. O-O Kd8 15. Ne5 Rf8 16. Rfe1 d6 17. Rad1 Bf5 18. Re3 Re8 19. Nc4 Be6 20. b3 Nd5 21. Nxd5 Bxd5 22. Rxe8+ Kxe8 23. Ne3 Bf7 24. Re1 Kf8 25. Rc1 c6 26. f3 a5 27. Nc4 Ke7 28. Re1+ Be6 29. d5 cxd5 30. Nb6 Ra6 31. Nxd5+ Kd7 32. Rxe6 Kxe6 33. Nc7+ Ke5 34. Nxa6 bxa6 35. Kf2 Kd4 36. Ke2 Kc3 37. g4 g5 38. f4 gxf4 39. h4 d5 40. g5 f3+ 41. Kf2 Kd4 42. Kxf3 Ke5 43. Kg4 d4 44. h5 Ke4 45. g6 d3 46. gxh7 d2 47. h8=Q d1=Q+ 48. Kg5 Qd2+ 49. Kg6 Qd6+ 50. Qf6 Qg3+ 51. Kf7 Kd5 52. h6 Qc7+ 53. Kg6 Ke4 54. Qe6+ Kd3 55. Qc4+ Qxc4 56. bxc4 Kc2 57. h7 Kb2 58. h8=Q+ Kxa2 1-0

[Event "World Youth U-16 Olympiad 2018"]
[Site "Konya"]
[Date "2018.11.27"]
[Round "4"]
[White "Chabane, Lina"]
[Black "Ni Laighleis, Aisling"]
[Result "1-0"]
[WhiteElo "1326"]
[BlackElo "1188"]
[Annotator "NA"]
[PlyCount "61"]
[EventDate "2018.11.25"]
[EventType "team-tourn"]
[EventCountry "TUR"]
[SourceTitle "playchess.com"]
[Source "ChessBase"]
[SourceQuality "1"]
[WhiteTeam "Algeria"]
[BlackTeam "Ireland"]
[WhiteTeamCountry "ALG"]
[BlackTeamCountry "IRL"]

1. e4 e5 2. Nf3 Nc6 3. Bc4 Bc5 4. O-O Nf6 5. d4 exd4 6. e5 Ng4 7. Bxf7+ Kf8 8. Bb3 Ngxe5 9. Nxe5 Nxe5 10. Qh5 d6 11. h3 Qe8 12. Qe2 Ng6 13. Qf3+ Ke7 14. Bg5+ Kd7 15. Qf5+ Kc6 16. Bd5+ Kb6 17. Qd3 c6 18. Bf3 Kc7 19. Nd2 Ne5 20. Qe2 Nxf3+ 21. Qxf3 Qg6 22. Bh4 Qxc2 23. Ne4 Be6 24. Rac1 Qxb2 25. Nxc5 dxc5 26. Bg3+ Kd7 27. Qf4 Rac8 28. Qd6+ Ke8 29. Bh4 Kf7 30. Qe7+ Kg8 31. Qxe6+ 1-0

[Event "World Youth U-16 Olympiad 2018"]
[Site "Konya"]
[Date "2018.11.27"]
[Round "4"]
[White "Gedik, Kerem Bilge"]
[Black "Chicarosie, Ioana-Bianca"]
[Result "1-0"]
[WhiteElo "1211"]
[BlackElo "1508"]
[Annotator "NA"]
[PlyCount "151"]
[EventDate "2018.11.25"]
[EventType "team-tourn"]
[EventCountry "TUR"]
[SourceTitle "playchess.com"]
[Source "ChessBase"]
[SourceQuality "1"]
[WhiteTeam "Turkey"]
[BlackTeam "Romania"]
[WhiteTeamCountry "TUR"]
[BlackTeamCountry "ROU"]

1. e4 c5 2. Nf3 Nc6 3. d4 cxd4 4. Nxd4 Nf6 5. Nc3 e5 6. Ndb5 d6 7. Bg5 a6 8. Na3 b5 9. Nd5 Be7 10. Bxf6 Bxf6 11. c4 b4 12. Qa4 Bd7 13. Nxb4 Nd4 14. Qd1 Qa5 15. Qd2 Rb8 16. Nd3 Bd8 17. Rb1 O-O 18. Qxa5 Bxa5+ 19. b4 Bc7 20. Kd2 Ba4 21. Be2 f5 22. Bf3 Bc6 23. Rhe1 Bd8 24. Nc2 Bg5+ 25. Kc3 Nxf3 26. gxf3 fxe4 27. fxe4 Bf4 28. h3 Bg5 29. Re2 Bd7 30. Rh1 Bh4 31. c5 Rfc8 32. Ne3 Bf6 33. Nd5 Bb5 34. Rg1 Kf7 35. Rc2 Ba4 36. Rb2 Bb5 37. Rc2 Ba4 38. Rb2 Bc6 39. Rd2 Bxd5 40. exd5 e4+ 41. Kb3 exd3 42. c6 Rc7 43. Rxd3 Re7 44. Rc1 Rc8 45. f3 Rec7 46. a4 Rb8 47. Kc4 Bd8 48. Rb1 Re7 49. Rbb3 Bc7 50. Rb2 a5 51. Rdb3 g6 52. bxa5 Ra8 53. Rb7 Rxa5 54. Kb4 Ra8 55. Ra2 Rb8 56. a5 Rxb7+ 57. cxb7 Bb8 58. a6 Ba7 59. Rc2 Kg7 60. Rc8 Rf7 61. b8=Q Bxb8 62. Rxb8 Rxf3 63. a7 Rf4+ 64. Kb5 Rf1 65. a8=Q Rb1+ 66. Kc6 Rxb8 67. Qxb8 Kh6 68. Qxd6 Kg7 69. Qe7+ Kh6 70. d6 Kh5 71. Qxh7+ Kg5 72. Qxg6+ Kf4 73. d7 Kf3 74. d8=Q Kf2 75. Qd2+ Kf3 76. Qg4# 1-0

[Event "World Youth U-16 Olympiad 2018"]
[Site "Konya"]
[Date "2018.11.28"]
[Round "5"]
[White "Firouzja, Alireza"]
[Black "Ivic, Velimir"]
[Result "1-0"]
[WhiteElo "2607"]
[BlackElo "2497"]
[Annotator "TA"]
[PlyCount "59"]
[EventDate "2018.11.25"]
[EventType "team-tourn"]
[EventCountry "TUR"]
[SourceTitle "playchess.com"]
[Source "ChessBase"]
[SourceQuality "1"]
[WhiteTeam "Iran"]
[BlackTeam "Serbia"]
[WhiteTeamCountry "IRI"]
[BlackTeamCountry "SRB"]

1. d4 Nf6 2. c4 g6 3. Nc3 Bg7 4. e4 d6 5. h3 O-O 6. Be3 c5 7. Nf3 cxd4 8. Nxd4 b6 9. Qd2 Bb7 10. f3 Nbd7 11. Bh6 e5 12. Bxg7 Kxg7 13. Ndb5 a6 14. Nxd6 Bc6 15. O-O-O Qe7 16. Qg5 Kh8 17. g3 Nc5 18. Rh2 Rad8 19. Rhd2 Rd7 20. b4 Ne6 21. Qxe5 Kg8 22. b5 axb5 23. cxb5 Ba8 24. Na4 Rc7+ 25. Kb1 Nd7 26. Qb2 Qg5 27. Bc4 Ndc5 28. Nxb6 Qxg3 29. Nf5 Qf4 30. Nxa8 1-0